BSOP header

1 and 2 Timothy, Titus / (Record no. 5671)

MARC details
000 -LEADER
fixed length control field 00656nam a2200193 4500
008 - FIXED-LENGTH DATA ELEMENTS--GENERAL INFORMATION
fixed length control field 020117s1988 enk engYA
020 ## - INTERNATIONAL STANDARD BOOK NUMBER
International Standard Book Number 0943575109
090 ## - LOCALLY ASSIGNED LC-TYPE CALL NUMBER (OCLC); LOCAL CALL NUMBER (OCLC)
Classification number (OCLC) (R) ; Classification number, CALL (RLIN) (NR) BS2341.2
Local cutter number (OCLC) ; Book number/undivided call number, CALL (RLIN) N42i
-- Tim
100 1# - MAIN ENTRY--PERSONAL NAME
Personal name Fee, Gordon D.
245 10 - TITLE STATEMENT
Title 1 and 2 Timothy, Titus /
Statement of responsibility, etc Gordon D. Fee, W. Ward Gasque.
260 ## - PUBLICATION, DISTRIBUTION, ETC. (IMPRINT)
Place of publication, distribution, etc Massachusetts :
Name of publisher, distributor, etc Hendrickson,
Date of publication, distribution, etc c1988.
300 ## - PHYSICAL DESCRIPTION
Extent xvii, 332 p.
490 1# - SERIES STATEMENT
Series statement New international biblical commentary series;
Volume number/sequential designation 13
650 #4 - SUBJECT ADDED ENTRY--TOPICAL TERM
Topical term or geographic name as entry element Bible. N.T. Timothy
General subdivision Commentaries.
650 #4 - SUBJECT ADDED ENTRY--TOPICAL TERM
Topical term or geographic name as entry element Bible. N.T. Titus
General subdivision Commentaries.
700 1# - ADDED ENTRY--PERSONAL NAME
Personal name Gasque, W. Ward
950 0# - LOCAL HOLDINGS (RLIN)
-- .95/7.46
951 ## - EQUIVALENCE OR CROSS-REFERENCE-GEOGRAPHIC NAME/AREA NAME [OBSOLETE] [CAN/MARC only]
-- 13045
-- BS2341.2/N42i/Tim
-- 070613111038828
-- 2000-12-21
-- REF
Holdings
Withdrawn status Lost status Damaged status Not for loan Home library Current library Shelving location Date acquired Accession number Shelving control number Total Checkouts Full call number Date last seen Price effective from Koha item type
        BSOP Library BSOP Library Reference 12/21/2000 13045 127   BS2341.2/N42i/Tim 02/23/2013 02/23/2013 Books
BSOP

Biblical Seminary of the Philippines
  All rights Reserved
  © 2024

CONTACT INFORMATION

Biblical Seminary of the Philippines,
  77-B Karuhatan Road, Valenzuela City,
  PHILIPPINES 1441
  Phone: +632 8292-6795 / 8292-6798
  Fax : +632 8292-6675
  Email: library@bsop.edu.ph